| 000 | 00564nam a2200205Ia 4500 | ||
|---|---|---|---|
| 001 | 21065 | ||
| 003 | GE_BSU | ||
| 008 | 181216s||||||||xx |||||||||||||| ||und|| | ||
| 040 | _cGE_BSU | ||
| 245 | _aГенетика. Том 53, №6. Июнь 2017 | ||
| 245 | _cГл. ред. Янковский | ||
| 260 | _aМосква | ||
| 260 | _bНаука | ||
| 260 | _c2017 | ||
| 300 | _a740-764 стр. 29см. | ||
| 653 | _aГенетика. Том 53, №6. Июнь 2017 | ||
| 653 | _aПериодика | ||
| 653 | _aპერიოდიკა | ||
| 942 | _cCR | ||
| 999 |
_c54014 _d54014 |
||